Cours de littérature dramatique / (Registro nro. 164921)

Detalles MARC
000 -LEADER
campo de control de longitud fija 00915nam a2200241 i 4500
001 - NÚMERO DE CONTROL
campo de control 164921
003 - IDENTIFICADOR DE NÚMERO DE CONTROL
campo de control ES-MaACL
005 - FECHA Y HORA DE LA ÚLTIMA TRANSACCIÓN
campo de control 20250930063146.0
008 - DATOS DE LONGITUD FIJA--INFORMACIÓN GENERAL
campo de control de longitud fija 010806s1865 fr |||| | fre d
040 ## - FUENTE DE CATALOGACIÓN
Centro catalogador/agencia de origen CCPB | B
Lengua de catalogación spa
Centro/agencia transcriptor CCPB | B
080 ## - NÚMERO DE LA CLASIFICACIÓN DECIMAL UNIVERSAL
Número de la Clasificación Decimal Universal 82-2.09
100 1# - ENTRADA PRINCIPAL--NOMBRE DE PERSONA
Nombre de persona Schlegel, August Wilhelm von,
Fechas asociadas al nombre 1767-1845
9 (RLIN) 132550
245 10 - MENCIÓN DEL TÍTULO
Título Cours de littérature dramatique /
Mención de responsabilidad, etc. A.W. Schlegel ; traduit de l'allemand par Mme Necker de Saussure.
250 ## - MENCION DE EDICION
Mención de edición Nouvelle éd. rev. et annot.
260 ## - PUBLICACIÓN, DISTRIBUCIÓN, ETC.
Lugar de publicación, distribución, etc. Paris :
Nombre del editor, distribuidor, etc. A. Lacroix, Verboeckhoven et Cie,
Fecha de publicación, distribución, etc. 1865.
300 ## - DESCRIPCIÓN FÍSICA
Extensión 2 v. ;
Dimensiones 19 cm.
597 ## - NOTA DE DESCRIPCIÓN FÍSICA
NOTA DE DESCRIPCIÓN FÍSICA Tome premier (386 p.) -- Tome second (418 p.)
650 #4 - PUNTO DE ACCESO ADICIONAL DE MATERIA--TÉRMINO DE MATERIA
Término de materia o nombre geográfico como elemento de entrada Teatro (Género literario)-
Subdivisión general Historia y crítica.
9 (RLIN) 17365
700 1# - ENTRADA AGREGADA--NOMBRE PERSONAL
Nombre de persona Necker, Albertine Adrienne de Saussure.
9 (RLIN) 130430
852 ## - LOCALIZACIÓN
Ubicación ES-MaACL
Número de control de estantería G-10051-52
Nota libre - Enc. hol.
852 ## - LOCALIZACIÓN
Ubicación ES-MaACL
Número de control de estantería D-4745-46
Nota libre - Enc. hol.
Existencias
Estatus retirado Estado de pérdida Estado de daño No para préstamo Colección Biblioteca de origen Biblioteca actual Ubicación en estantería Fecha de adquisición Total de préstamos Signatura topográfica completa Código de barras Visto por última vez Precio de reemplazo Tipo de ítem Koha
        Libros del s. XIX Biblioteca del Ateneo de Madrid Biblioteca del Ateneo de Madrid Sala Valle Inclán 17/01/2008   D-4745-46 901172887 23/02/2023 23/02/2023 Libro impreso antiguo
        Libros del s. XIX Biblioteca del Ateneo de Madrid Biblioteca del Ateneo de Madrid Sala Pecera Planta 3 17/01/2008   G-10051-52 1172886 23/02/2023 23/02/2023 Libro impreso antiguo